A new concordance of the Bible: thesaurus of the language of The Bible hebrew and aramaic. Roots, words, proper names phrases and synonyms

Guardat en:
Dades bibliogràfiques
Autor principal: Even-Shoshan, Abraham (Autor)
Format: Llibre
Idioma:hebreu
Publicat: Jerusalén Kiryat Sefer 1985
Matèries:
Etiquetes: Afegir etiqueta
Sense etiquetes, Sigues el primer a etiquetar aquest registre!

MARC

LEADER 00000nam a2200000 a 4500
001 UCG6274
003 CL-VaPUC
008 110414e19850000IS |||||||||||||||||heb|d
020 |a 9651701676 
082 0 4 |a 221.03  |b EVE  |2 21 
100 0 |a Even-Shoshan, Abraham  |e author  |9 556356 
245 1 2 |a A new concordance of the Bible: thesaurus of the language of The Bible hebrew and aramaic. Roots, words, proper names phrases and synonyms 
300 |a 1242 p 
942 |c BK 
945 |d 20110414 00:00:00  |a dcastane 
260 |a Jerusalén  |b Kiryat Sefer  |c 1985 
650 0 |a Biblia  |9 257603 
650 0 |a Antiguo testamento   |9 313678 
650 0 |a Textos sagrados   |9 257605 
650 7 |a CONCORDANCIAS  |2 CL-VaPUC  |9 258276 
583 |a last modification  |c 20110414 00:00:00  |k Rodrigo Vera 
999 |c 344546  |d 344544 
952 |0 0  |1 0  |4 0  |6 221_030000000000000_EVE_1985  |7 0  |8 A  |9 442574  |a BIBTEO  |b BIBTEO  |d 2019-11-22  |i 4764846  |o 221.03 EVE 1985  |p 4764846  |r 2025-01-17  |w 2019-11-22  |y BK  |k ICR